书目信息 |
| 题名: |
视频广告概论
|
|
| 作者: | 方迎丰 编著 | |
| 分册: | ||
| 出版信息: | 武汉 武汉理工大学出版社 2013.09 |
|
| 页数: | 169页 | |
| 开本: | 24cm | |
| 丛书名: | ||
| 单 册: | ||
| 中图分类: | F713.80 | |
| 科图分类: | ||
| 主题词: | ||
| 电子资源: | ||
| ISBN: | 978-7-5629-4118-7 | |
| 000 | 00562nam0 2200169 450 | |
| 001 | 202410221491160711 | |
| 005 | 20241023081648.92 | |
| 010 | @a978-7-5629-4118-7@d¥39.00 | |
| 100 | @a20241022d km y0chiy0120 ea | |
| 101 | 0 | @achi |
| 200 | 1 | @a视频广告概论@AShi Pin Guang Gao Gai Lun@f方迎丰等编著@FFang Ying Feng Deng Bian Zhu |
| 210 | @a武汉@c武汉理工大学出版社@d2013.09 | |
| 215 | @a169页@d24cm | |
| 690 | @aF713.80@v4 | |
| 701 | 0 | @a方迎丰@AFang Ying Feng@4编著 |
| 801 | 0 | @aCN@b大连网信软件有限公司图书馆·11@c20241023 |
| 905 | @aZUCC@b7511229@dF713.80@e1643@f1 | |
| 视频广告概论/方迎丰等编著.-武汉:武汉理工大学出版社,2013.09 |
| 169页;24cm |
| ISBN 978-7-5629-4118-7:¥39.00 |
| ● |
| 相关链接 |
|
|
|
|
正题名:视频广告概论
索取号:F713.80/1643
 
预约/预借
| 序号 | 登录号 | 条形码 | 馆藏地/架位号 | 状态 | 备注 |
| 1 | 7511229 | 275112290 | 密集书库-史法系/ [索取号:F713.80/1643] | 在馆 |